Anatomy of a job search (Record no. 2594)

MARC details
000 -LEADER
fixed length control field 00383nam a22001457a 4500
008 - FIXED-LENGTH DATA ELEMENTS--GENERAL INFORMATION
fixed length control field 250321b |||||||| |||| 00| 0 eng d
020 ## - INTERNATIONAL STANDARD BOOK NUMBER
ISBN 0874349508
100 ## - MAIN ENTRY--AUTHOR
Author Bozoll RN Joanna
245 ## - TITLE STATEMENT
Title Anatomy of a job search
260 ## - PUBLICATION, DISTRIBUTION, ETC. (IMPRINT)
Place of publication U.S.A
Name of publisher Sringhouse
Date of publication 1999
300 ## - COLLATION
Pagination xiii,146p
650 ## - TRACINGS
Main Subject Nursing vocational guidance
Subdivision (1st) Nurses employment
942 ## - ADDED ENTRY ELEMENTS (KOHA)
Item type Books
050 ## - LIBRARY OF CONGRESS CALL NUMBER
Classification number RT86.7
Item number .B69
Holdings
Source of classification or shelving scheme Not for loan Permanent location Current location Date acquired Accession No. Full call number Barcode. Koha item type
Library of Congress Classification   Medical Library Medical Library 03/21/2025 2007/288P RT86.7.B69 2025-0878 Books